logo

Bir Sreshtho Munshi Abdur Rouf Library
Jhenaidah Cadet College

ইসলাম ও অর্থনৈতিক উন্নয়ন / (Record no. 12458)

MARC details
000 -LEADER
fixed length control field 01181nam a2200277 a 4500
001 - CONTROL NUMBER
JCCL Control Number 12458
003 - CONTROL NUMBER IDENTIFIER
JCCL marc code BD-JhCC
005 - DATE AND TIME OF LATEST TRANSACTION
control field 20220219085954.0
008 - FIXED-LENGTH DATA ELEMENTS--GENERAL INFORMATION
fixed length control field 220219b20002010bg |||| ||a| 001 0 ben d
020 ## - INTERNATIONAL STANDARD BOOK NUMBER
International Standard Book Number 984820326X
035 ## - SYSTEM CONTROL NUMBER
system control number (BD-JhCC)12458
040 ## - CATALOGING SOURCE
Original cataloging agency BD-JhCC
Modifying agency BD-JhCC
041 ## - LANGUAGE CODE
Language code of Book Bengali
082 ## - DEWEY DECIMAL CLASSIFICATION NUMBER
Classification number 338.900917671
Author mark and Year CHA 2010
100 ## - MAIN ENTRY--PERSONAL NAME
Personal name চাপার,ড.এম উমর
245 ## - TITLE STATEMENT
Title ইসলাম ও অর্থনৈতিক উন্নয়ন /
Statement of responsibility, etc ড.এম উমর চাপার, অনু: ড. মাহমুদ আহমদ,সম্পা:এম জহুরুল ইসলাম,এ কে এম সালেহউদ্দিন।
260 ## - PUBLICATION, DISTRIBUTION, ETC. (IMPRINT)
Place of publication, distribution, etc ঢাকা :
Name of publisher, distributor, etc বাংলাদেশ ইনস্টিটিউট অব ইসলামিক থ্যট;
Date of publication, distribution, etc ২০১০.
300 ## - PHYSICAL DESCRIPTION
Pagination 168 p. :
Dimensions 22 cm.
650 ## - SUBJECT ADDED ENTRY--TOPICAL TERM
Topical term or geographic name as entry element Islam---- Economic aspects
Geographic subdivision Islamic countries
650 ## - SUBJECT ADDED ENTRY--TOPICAL TERM
Topical term or geographic name as entry element Economic development
700 ## - ADDED ENTRY--PERSONAL NAME
Personal name আহমদ, ড. মাহমুদ
700 ## - ADDED ENTRY--PERSONAL NAME
Personal name ইসলাম, এম জহুরুল
700 ## - ADDED ENTRY--PERSONAL NAME
Personal name সালেহউদ্দিন,এ কে এম
942 ## - ADDED ENTRY ELEMENTS (KOHA)
Source of classification or shelving scheme Dewey Decimal Classification
Koha item type Books
Holdings
Source of classification or shelving scheme Damaged status Not for loan Home library Current library Shelving location Date of accession Cost, normal purchase price Total Checkouts Full call number Barcode Date last seen Copy number Koha item type
Dewey Decimal Classification     JCC Rouf Library JCC Rouf Library General Stacks 06/10/2021 96.00   338.900917671 CHA 2010 16854 02/19/2022 C-1 Books

JCC Library | Contacts | JCC Home

Last Update on 23 September 2017
Copyright @ 2017-2020 JCC Rouf Library
Rouf Library, Jhenidah Cadet College (JCC), Bangladesh